Potenciál lídra

Univerzálne kompetencie lídra v 90. rokoch 20. storočia a lídra na začiatku 21. storočia. Potenciál lídrov dnes a flexibilné správanie sa vodcu. Meniace sa požiadavky na individuálne schopnosti lídra, ktoré spočívajú v neustálych zmenách.

Salvato in:
Dettagli Bibliografici
Autore principale: Priečková, Katarína, 1983-
Natura: Capitolo di libro
Lingua:slovacco
Soggetti:
Tags: Aggiungi Tag
Nessun Tag, puoi essere il primo ad aggiungerne!!

MARC

LEADER 00000naa$a2200000$$$4500
001 0149715
005 20240502072707.7
041 0 |a slo 
044 |a SK 
245 1 0 |a Potenciál lídra  |c Katarína Priečková 
520 |a Univerzálne kompetencie lídra v 90. rokoch 20. storočia a lídra na začiatku 21. storočia. Potenciál lídrov dnes a flexibilné správanie sa vodcu. Meniace sa požiadavky na individuálne schopnosti lídra, ktoré spočívajú v neustálych zmenách. 
610 2 0 |a manažéri 
610 2 0 |a lídri 
610 2 0 |a vodcovstvo 
610 2 0 |a metódy riadenia 
610 2 0 |a rozhodovanie 
610 2 0 |a štýl vedenia 
610 2 0 |a kompetencie 
610 2 0 |a zručnosti 
610 2 0 |a vedomosti 
610 2 0 |a flexibilita 
100 1 |a Priečková, Katarína, 1983-